00670 2200241 4500001002100000005001700021008004100038035002400079040001200103082000800115090001500123100002000138245007500158250001000233260004600243300002900289650001400318850001200332990002100344990002100365990002100386990002100407YOGYA-0209000007105520090227093517.0 ind  0010-020900000071055 aYOPDYOG a658 a658bAmb M aAMBADAR, Jackie aMengelolausaha dengan tepatcJackie Ambadar, Miranti Abidin, Yanty Isa acet.1 aJakartabYayasan Bina Karsa Mandiric2006 axvi,104 hlmbilusc17 cm aManajemen aYOPDYOG a33550-PD/A.08b1 a33549-PD/A.08b1 a33551-PD/A.08b1 a33552-PD/A.08b1